Sports Quiz

Random Sports or Country Quiz

British Open Champion Nationalities Quiz Stats

 Plays Quiz Updated Jul 22, 2018

Also try: Over/Under: Sports
Challenge
Share
Tweet
Embed
Score 0/13 Timer 03:00
5 Plays Today
Winners Country % Correct
29United States
99.7%
13England
95.2%
22Scotland
91.6%
1Spain
91.5%
1Ireland
91.2%
1France
86.7%
1Italy
86.6%
4Australia
86.5%
4South Africa
83%
1Sweden
73.2%
3Northern Ireland
71.3%
1New Zealand
61.6%
1Argentina
58.3%

You're not logged in!

Compare scores with friends on all Sporcle quizzes.
Join for Free
OR
Log In

You Might Also Like...

Show Comments

Extras

Top Quizzes Today


Score Distribution

Your Account Isn't Verified!

In order to create a playlist on Sporcle, you need to verify the email address you used during registration. Go to your Sporcle Settings to finish the process.

Report this User

Report this user for behavior that violates our Community Guidelines.

Details: